[Event "Athens Siaperas Memorial 3rd"]
[Site "Athens"]
[Date "2007.02.10"]
[Round "1"]
[White "Delithanasis, Dimitrios"]
[Black "Karampelas, Alexandros"]
[Result "1-0"]
[WhiteElo "2239"]
[BlackElo "1803"]
[PlyCount "95"]
[EventDate "2007.02.10"]
[EventType "swiss"]
[EventRounds "7"]
[EventCountry "GRE"]
[SourceTitle "EXT 2008"]
[Source "ChessBase"]
[SourceDate "2007.11.25"]
[SourceVersion "1"]
[SourceVersionDate "2007.11.25"]
[SourceQuality "1"]

1. e4 e5 2. Nf3 Nc6 3. Bc4 Nf6 4. d3 Bc5 5. Nc3 d6 6. Bg5 Be6 7. Nd5 Na5 8. Nxf6+ gxf6 9. Bxe6 fxe6 10. Bh4 Nc6 11. c3 Qe7 12. Qe2 Rg8 13. 0-0-0 0-0-0 14. d4 exd4 15. cxd4 Bb6 16. Kb1 e5 17. d5 Nd4 18. Nxd4 Bxd4 19. f4 Qg7 20. g3 Rdf8 21. Rhf1 Qd7 22. f5 Kb8 23. Rf3 Qg7 24. h3 Qd7 25. Rc1 Rf7 26. Rb3 Rc8 27. g4 c6 28. Qc4 cxd5 29. Qxc8+ Qxc8 30. Rxc8+ Kxc8 31. exd5 e4 32. Rb4 Be5 33. Rxe4 Rc7 34. Bf2 b6 35. h4 Kd7 36. g5 Kd8 37. Rg4 fxg5 38. hxg5 Rf7 39. f6 Rf8 40. Rh4 Rf7 41. Be3 Kd7 42. Kc2 Ke8 43. b3 Kd7 44. Kd3 Kd8 45. Ke4 Bg3 46. Rh1 Ke8 47. Kf5 Kd7 48. Bd4 1-0